000 00914nas a2200301 4500
001 BR0100019
003 BR-BrBNA
005 20231205102004.0
007 ta
008 230509b bl.|||p| |||| 00| 00por d
040 _aBR-BrBNA
_bpor
_cBiblioteca Nacional de Agricultura
041 _a(Pt)
072 _aF30; H20
100 1 _aCosta, M.G.C.
100 1 _aNogueira, F.T.S.
100 1 _aOtoni, W.C.
100 1 _aBrommonschenkel, S.H.
245 1 _aTransformacao genetica de cultivares de tomateiro industrial mediada por Agrobacterium tumefaciens
650 _aTomate
650 _aRegeneracao
650 _aVariedade
650 _aPlanta Transgenica
650 _aExplante
650 _aBacteria
773 0 _tRevista Brasileira de Fisiologia Vegetal (Brazil)
_xISSN 0103-3131
_g(Aug 2000), v. 12(2) p. 107-118
_wBR0100019
909 _a202311
_bLúcia
_c55
_dLúcia Elande
942 _2AGRIS
_n0
_cANA
999 _c165116
_d165116